| 000 | 01012cab a22002055a 4500 | ||
|---|---|---|---|
| 001 | L153072 | ||
| 008 | 110602s2011 xxk f s 000 0 eng d | ||
| 035 | _a(Sirsi) u153072 | ||
| 041 | 0 | _aeng | |
| 110 | 2 |
_aAssociation for Project Safety _95460 |
|
| 245 | 0 | 0 | _aFire safety during the construction of large timber-framed buildings |
| 260 | _c2011 | ||
| 490 | 0 |
_aBuilding Engineer _v86(6) June 2011, 22-23(2) |
|
| 520 | _aSeveral recent serious fires taking place during the erection of timber-framed blocks of flats have highlighted the potential for rapid fire growth and fire spread; the nature of the problem, government responses, managing fire safety in timber-framed building projects, what can be done? the timber-framed industry's position, the CDM supervisor's position, and conclusions and current activity. | ||
| 590 | _aKA | ||
| 651 | 4 |
_aUnited Kingdom _y |
|
| 690 | _aBUILT ENVIRONMENT-BUILDING STANDARDS-FIRE REGULATIONS | ||
| 690 | _aMANAGEMENT-HEALTH AND SAFETY-FIRE SAFETY | ||
| 942 | _n0 | ||
| 999 |
_c83178 _d83178 |
||